Commonwealth Surveying and Land Economy (Record no. 119046)

MARC details
000 -LEADER
fixed length control field 00555cas a22001815a 4500
001 - CONTROL NUMBER
control field L138830
008 - FIXED-LENGTH DATA ELEMENTS--GENERAL INFORMATION
fixed length control field 070713d1975 xxkfr p 0 a0eng u
035 ## - SYSTEM CONTROL NUMBER
System control number (Sirsi) u138830
041 0# - LANGUAGE CODE
Language code of text/sound track or separate title eng
110 2# - MAIN ENTRY--CORPORATE NAME
Corporate name or jurisdiction name as entry element Commonwealth Association of Surveying and Land Economy
9 (RLIN) 2570
245 00 - TITLE STATEMENT
Title Commonwealth Surveying and Land Economy
260 ## - PUBLICATION, DISTRIBUTION, ETC.
Place of publication, distribution, etc. London
Name of publisher, distributor, etc. CASLE
Date of publication, distribution, etc. 1975-
362 0# - DATES OF PUBLICATION AND/OR SEQUENTIAL DESIGNATION
Dates of publication and/or sequential designation (7) July 1978-(28) September 1989
554 ## -
-- Two per year
651 #4 - SUBJECT ADDED ENTRY--GEOGRAPHIC NAME
Geographic name International
690 ## - LOCAL SUBJECT ADDED ENTRY--TOPICAL TERM (OCLC, RLIN)
Topical term or geographic name as entry element ENVIRONMENTAL AND LAND CONSULTANCY-GEOMATICS-LAND SURVEYING
942 ## - ADDED ENTRY ELEMENTS (KOHA)
Suppress in OPAC 0
Holdings
Withdrawn status Lost status Source of classification or shelving scheme Damaged status Not for loan Home library Current library Shelving location Date acquired Total Checkouts Full call number Barcode Date last seen Price effective from Koha item type
    Dewey Decimal Classification     London London Basement 13/07/2007   COMMONWEALTH SURVEYING AND LAND ECONOMY 138830-1001 06/08/2019 06/08/2019 Journal